000 00753nam a2200217 a 4500
001 000045509
005 20250607073643.0
008 150413s1980 dr ac 000 0 spa d
040 _aDO-SdBNP
_bspa
_cBNPHU
082 _a615.882
_bM489f
245 0 0 _aMedicina folklórica y atención primaria.
246 0 0 _aMedicina folklorica.
260 _aSanto Domingo :
_bSESPAS,
_c1980.
300 _a59 p. :
_bil., retrs. ;
_c21 cm.
490 1 _aSalud y medicina popular
500 _aInventariado, 2019/MFF
650 4 _aMedicina folclórica
_936814
710 1 _aRepública Dominicana.
_b Secretaria de Estado de Salud Pública y Asistencia Social (2001)
_956549
830 0 _aSalud y medicina popular
_96936
910 _aValidado. Control de calidad MFF
999 _c44998
_d44998